Overview of gravitational waves: Theory, sources and detection (Record no. 1211336)

MARC details
000 -LEADER
fixed length control field 01018nam a2200301Ia 4500
003 - CONTROL NUMBER IDENTIFIER
control field OSt
005 - DATE AND TIME OF LATEST TRANSACTION
control field 20221007123055.0
008 - FIXED-LENGTH DATA ELEMENTS--GENERAL INFORMATION
fixed length control field 221006b |||||||| |||| 00| 0 eng d
020 ## - INTERNATIONAL STANDARD BOOK NUMBER
International Standard Book Number 9789813141759 (hbk)
037 ## - SOURCE OF ACQUISITION
Terms of availability Textual
040 ## - CATALOGING SOURCE
Original cataloging agency PAPL
Transcribing agency PAPL
Language of cataloging eng
041 ## - LANGUAGE CODE
Source of code eng
Language code of text/sound track or separate title eng
100 ## - MAIN ENTRY--PERSONAL NAME
Personal name Auger Garard Ed.
9 (RLIN) 716315
245 #0 - TITLE STATEMENT
Title Overview of gravitational waves: Theory, sources and detection
Remainder of title Plagnol Eric Ed.
260 ## - PUBLICATION, DISTRIBUTION, ETC.
Place of publication, distribution, etc. Singapore
Name of publisher, distributor, etc. World Scientific
Date of publication, distribution, etc. 2017
300 ## - PHYSICAL DESCRIPTION
Extent viii, 317p. ill.
Dimensions cm.
500 ## - GENERAL NOTE
General note Index 315-317p.
650 ## - SUBJECT ADDED ENTRY--TOPICAL TERM
Topical term or geographic name entry element LISA pathfinder
9 (RLIN) 716316
650 ## - SUBJECT ADDED ENTRY--TOPICAL TERM
Topical term or geographic name entry element Pulsar timimg array
9 (RLIN) 716317
650 ## - SUBJECT ADDED ENTRY--TOPICAL TERM
Topical term or geographic name entry element Physics
700 ## - ADDED ENTRY--PERSONAL NAME
Personal name Plagnol Eric Ed.
9 (RLIN) 716318
942 ## - ADDED ENTRY ELEMENTS (KOHA)
Classification part CK:8K9, Q7 Carpa
Koha item type Textual
Source of classification or shelving scheme Colon Classification (CC)
Holdings
Withdrawn status Lost status Source of classification or shelving scheme Damaged status Not for loan Home library Current library Date acquired Source of acquisition Total Checkouts Full call number Barcode Date last seen Price effective from Koha item type
    Colon Classification (CC)     Department of Physics and Astrophysics Library Department of Physics and Astrophysics Library 2022-10-07 4726, 27/02/2018, Ashutosh Technical Books   CK:8K9 Q7 Carpa PA0007446 2022-10-07 2022-10-07 Textual
Copyright @ Delhi University Library System